| 000 | 00541nam a2200181 a 4500 | ||
|---|---|---|---|
| 001 | 1770288091876 | ||
| 003 | YourLibrary | ||
| 005 | 20260205161444.0 | ||
| 008 | 260205s2010##################000#0#eng## | ||
| 020 | _a9780195328523 | ||
| 082 | 0 | 4 |
_a305.8960 _bFOS |
| 100 | 1 |
_aFoster, Frances Smith, _eauthor. |
|
| 245 | 1 | 0 | _a'Til Death or Distance Do Us Part:Love and Marriage in African America : |
| 260 |
_bOxford University Press, USA, _c2010. |
||
| 650 | 0 | _aSocial Science. | |
| 942 | _cENGLISH | ||
| 040 |
_aYourLibrary _beng _cYourLibrary |
||
| 999 |
_c610548 _d610548 |
||